000 00747ngm a22002890a 4500
001 PT29899
003 AR-LpoUNG
005 20210201232311.0
007 co ||u|||uuuuu
008 191001s2007||||xxu|||||||||||||||||eng d
020 _a9780194568081
_c$100
040 _aAR-LpoUNG
_bspa
_cAR-LpoUNG
_eaacr
041 _aeng
044 _axxu
082 0 _a421.52 238mul
100 1 _aTaylor, Liz
245 1 0 _aInternational express :
_bmultirom elementary
250 _a1ra. ed.
260 _aOxford :
_bOxford University,
_c2007.
650 4 _aAPRENDIZAJE
650 4 _aENSEƑANZA DE IDIOMAS
650 4 _aGRAMATICA
650 4 _aLENGUA INGLESA
651 4 _aDOCUMENTOS TEORICOS O METODOLOGICOS
905 _a29899
942 _cCDDVD
999 _c53285
_d53285